000 00304nam a2200109Ia 4500
008 220204s9999 xx 000 0 und d
082 _a547
_bRAP.4
245 0 _aAdvances in organic chemistry: Methods and results. V 4
260 _aNew York
_bInterscience
_c1963
700 _aRaphael, Ralph A
942 _cBK
999 _c20631
_d20631